| 000 -LEADER |
| fixed length control field |
00815cam a2200229 i 4500 |
| 001 - CONTROL NUMBER |
| control field |
19618697 |
| 005 - DATE AND TIME OF LATEST TRANSACTION |
| control field |
20221105213613.0 |
| 006 - FIXED-LENGTH DATA ELEMENTS--ADDITIONAL MATERIAL CHARACTERISTICS |
| fixed length control field |
m |o d | |
| 008 - FIXED-LENGTH DATA ELEMENTS--GENERAL INFORMATION |
| fixed length control field |
170502s2018 nju ob 001 0 eng |
| 020 ## - INTERNATIONAL STANDARD BOOK NUMBER |
| International Standard Book Number |
9781119147046 |
| 041 ## - LANGUAGE CODE |
| Language code of text/sound track or separate title |
eng |
| 080 ## - UNIVERSAL DECIMAL CLASSIFICATION NUMBER |
| Universal Decimal Classification number |
616.314.6 C-61 |
| 245 00 - TITLE STATEMENT |
| Title |
Clinical cases in endodontics / |
| Statement of responsibility, etc. |
edited by Takashi Komabayashi. |
| 264 #1 - PRODUCTION, PUBLICATION, DISTRIBUTION, MANUFACTURE, AND COPYRIGHT NOTICE |
| Place of production, publication, distribution, manufacture |
Hoboken : |
| Name of producer, publisher, distributor, manufacturer |
Wiley, |
| Date of production, publication, distribution, manufacture, or copyright notice |
2018. |
| 300 ## - PHYSICAL DESCRIPTION |
| Extent |
221 p.: |
| Other physical details |
ill.; |
| Dimensions |
28 cm. |
| 653 ## - INDEX TERM--UNCONTROLLED |
| keyword |
ენდოდონტია |
| 653 ## - INDEX TERM--UNCONTROLLED |
| keyword |
ფესვის არხის თერაპია |
| 653 ## - INDEX TERM--UNCONTROLLED |
| keyword |
მედიცინა |
| 700 ## - ADDED ENTRY--PERSONAL NAME |
| Personal name |
Komabayashi, Takashi |
| Relator term |
რედაქტორი |
| 9 (RLIN) |
14603 |
| 856 ## - ELECTRONIC LOCATION AND ACCESS |
| Uniform Resource Identifier |
https://books.google.ge/books?id=H41FDwAAQBAJ&hl=ru&source=gbs_ViewAPI&redir_esc=y |
| Link text |
ელ.ვერსია |
| 942 ## - ADDED ENTRY ELEMENTS (KOHA) |
| Source of classification or shelving scheme |
|
| Koha item type |
წიგნი |